| 000 | 00911nam a22002177a 4500 | ||
|---|---|---|---|
| 003 | OSt | ||
| 005 | 20260310153302.0 | ||
| 008 | 260226b |||||||| |||| 00| 0 eng d | ||
| 020 | _a9789914778458 | ||
| 040 | _aKenya National Library Service | ||
| 082 | _a232 SIL | ||
| 100 |
_aSila, Zipporah K. _eauthor |
||
| 245 |
_aRevelations of the person and the ministry of Jesus : _bintimacy with Jesus, authority in life. victory always / _cZipporah K. Sila |
||
| 300 |
_a129 pages ; _c20 cm |
||
| 520 | _aDiscover Jesus as never before. Jesus is not simply a historical figure. He is living, active, and powerful today. This book unveils His power, love, and glory-bringing hope, healing, and life in every dimension. | ||
| 650 | _aJesus Christ — Life Jesus | ||
| 650 | _aChrist — Ministry | ||
| 942 |
_2ddc _cBK _n0 |
||
| 999 |
_c491208 _d491208 |
||